Thực trạng công tác can thiệp sớm cho trẻ chậm phát triển trí tuệ trên địa bàn thành phố Đà Nẵng
Cơ sở lý luận về can thiệp sớm. Thực trạng công tác can thiệp sớm cho trẻ chậm phát triển trí tuệ trên địa bàn thành phố Đà Nẵng
Zapisane w:
| 1. autor: | |
|---|---|
| Kolejni autorzy: | |
| Format: | Książka |
| Język: | Vietnamese |
| Wydane: |
Đại học Đà Nẵng
Trường đại học Sư Phạm
2009
|
| Seria: | Khóa luận tốt nghiệp đại học. Chuyên ngành: Sư phạm Giáo dục Đặc biệt
|
| Hasła przedmiotowe: | |
| Etykiety: |
Dodaj etykietę
Nie ma etykietki, Dołącz pierwszą etykiete!
|
| Thư viện lưu trữ: | Mạng thư viện Đại học Đà Nẵng |
|---|
| LEADER | 01313nam a2200325 4500 | ||
|---|---|---|---|
| 001 | 000012249 | ||
| 003 | 8543 | ||
| 005 | 20120217080236.0 | ||
| 008 | 120217s2009 viesd | ||
| 041 | |a vie | ||
| 072 | |a Khóa luận tốt nghiệp | ||
| 082 | |a 155.45 |b HO-M | ||
| 100 | |a Hoàng, Thị Mơ | ||
| 245 | |a Thực trạng công tác can thiệp sớm cho trẻ chậm phát triển trí tuệ trên địa bàn thành phố Đà Nẵng |c Hoàng, Thị Mơ | ||
| 260 | |a Đại học Đà Nẵng |b Trường đại học Sư Phạm |c 2009 | ||
| 300 | |a 89 tr. |c 29 cm | ||
| 490 | |a Khóa luận tốt nghiệp đại học. Chuyên ngành: Sư phạm Giáo dục Đặc biệt | ||
| 500 | |a Tham khảo + phụ lục [10 tr. ] | ||
| 520 | |a Cơ sở lý luận về can thiệp sớm. Thực trạng công tác can thiệp sớm cho trẻ chậm phát triển trí tuệ trên địa bàn thành phố Đà Nẵng | ||
| 653 | |a Khóa luận tốt nghiệp đại học | ||
| 653 | |a Khoa Tâm lý - Giáo dục | ||
| 700 | |a Lê, Quang Sơn |c TS |e Hướng dẫn | ||
| OWN | |a LSP | ||
| 999 | |a From the UDN01 | ||
| TYP | |a Monograph | ||
| TYP | |a Printed language | ||
| 980 | |a Mạng thư viện Đại học Đà Nẵng | ||